General Knowledge - Statistics

General Stats
  • This quiz has been taken 40 times
  • The average score is 7 of 15
Answer Stats
Hint Answer % Correct
Countries Fighting for Gaza Strip Israel
83%
Company Making Air Jordans Nike
83%
Palestine
75%
Largest Desert Antarctica
69%
Largest Publicly Traded Company in the World Apple
69%
Actor for Austin Powers and Dr. Evil Michael Myers
56%
Program to first develop nuclear weapons Manhattan Project
53%
City With the Most Skyscrapers Hong Kong
47%
Smallest Continent Oceania
44%
The newest country in the world(May 2021) South Sudan
39%
Highest Grossing Video Game Minecraft
31%
Only Asian Country Never Under British Rule Thailand
22%
Most Translated Author Agatha Christie
19%
Highest Paid Athlete of 2021 Conor McGregor
11%
Least Visited Country in the World Timor-Leste
6%
No matching quizzes found
Score Distribution
Percent of People with Each Score
Percentile by Number Answered
Your Score History
You have not taken this quiz